[Event "Bayern-ch (Women)"]
[Site "Rosenheim"]
[Date "2014.08.27"]
[Round "7"]
[White "Homfeldt, Claudia Laura"]
[Black "Hastreiter, Laura"]
[Result "0-1"]
[WhiteElo "1438"]
[BlackElo "1764"]
[PlyCount "66"]
[EventDate "2014.08.23"]
[EventType "tourn"]
[EventRounds "9"]
[EventCountry "GER"]
[SourceTitle "EXT 2015"]
[Source "ChessBase"]
[SourceDate "2014.11.20"]
[SourceVersion "1"]
[SourceVersionDate "2014.11.20"]
[SourceQuality "1"]

1. e4 c6 2. Nc3 d5 3. exd5 cxd5 4. Bb5+ Nc6 5. Nf3 a6 6. Ba4 b5 7. Bb3 Nf6 8. 0-0 Bg4 9. h3 Bh5 10. d4 e6 11. a3 Be7 12. Qd3 Bg6 13. Qd1 0-0 14. Be3 Na5 15. Ba2 Nc4 16. Bxc4 bxc4 17. b3 cxb3 18. cxb3 Qb6 19. Na4 Qb5 20. Nc3 Qb7 21. Nh4 Bh5 22. Qc2 Rfc8 23. f3 Nd7 24. Qd3 Bxh4 25. f4 Bg6 26. Qd2 Qxb3 27. Rfc1 Be7 28. Nb1 Rxc1+ 29. Qxc1 Rb8 30. Nc3 Qb2 31. Qe1 Bxa3 32. Ra2 Qb3 33. Qa1 Bb2 0-1